مكتبة جامعة عجلون الوطنية

فهرس بحث المكتبة

تخطيط برامج إعداد لاعبي كرة القدم (Record no. 10273)

MARC details
000 -LEADER
fixed length control field 00767nam a2200205Ii 4500
003 - CONTROL NUMBER IDENTIFIER
control field JO-AjNU
008 - FIXED-LENGTH DATA ELEMENTS--GENERAL INFORMATION
fixed length control field 230605s9999||||xx |||||||||||||| ||und||
040 ## - CATALOGING SOURCE
Original cataloging agency JO-AjNU
Language of cataloging ara
Description conventions rda
Transcribing agency JO-AjNU
041 ## - LANGUAGE CODE
Language code of text/sound track or separate title ara
050 14 - LIBRARY OF CONGRESS CALL NUMBER
Classification number GV951.85.A2864 1986
100 3# - MAIN ENTRY--PERSONAL NAME
Personal name ابو العنيين، محمود، م.مشارك ابراهيم، مفتي,
Relator term author
9 (RLIN) 20007
245 00 - TITLE STATEMENT
Title تخطيط برامج إعداد لاعبي كرة القدم
250 ## - EDITION STATEMENT
Edition statement ط2
264 31 - PRODUCTION, PUBLICATION, DISTRIBUTION, MANUFACTURE, AND COPYRIGHT NOTICE
Place of production, publication, distribution, manufacture حلوان: دار الفكر العربي، 1986
300 ## - PHYSICAL DESCRIPTION
Extent 188ص
Other physical details يشتمل على جداول وصور توضبحية
336 ## - CONTENT TYPE
Content type term text
Content type code txt
Source rdacontent
337 ## - MEDIA TYPE
Media type term unmediated
Media type code n
Source rdamedia
338 ## - CARRIER TYPE
Carrier type term volume
Carrier type code nc
Source rdacarrier
650 #4 - SUBJECT ADDED ENTRY--TOPICAL TERM
Topical term or geographic name entry element كرة القدم - تخطيط - رياضة
9 (RLIN) 20008
Holdings
Withdrawn status Lost status Source of classification or shelving scheme Damaged status Not for loan Home library Current library Shelving location Date acquired Total Checkouts Full call number Barcode Date last seen Price effective from Koha item type
    Library of Congress Classification     مكتبة جامعة عجلون الوطنية مكتبة جامعة عجلون الوطنية المجموعات العامة 06/06/2023   GV951.85.A2864 1986 A6705 06/06/2023 06/06/2023 Books